Příprava vedoucích pracovníků a jejich aktivizace v podmínkach intenzifikace ekonomiky záverečná práca postgraduálneho štúdia

Gespeichert in:
Bibliographische Detailangaben
1. Verfasser: Bartolšic, Luděk
Körperschaft: Vysoká škola ekonomická v Bratislave
Format: Buch
Sprache:Tschechisch
Veröffentlicht: Bratislava 1988
Tags: Tag hinzufügen
Keine Tags, Fügen Sie das erste Tag hinzu!

MARC

LEADER 00000nam a2200000 4500
001 c025262
005 20221219085626.8
041 0 |a cze 
044 |a SK 
245 1 0 |a Příprava vedoucích pracovníků a jejich aktivizace v podmínkach intenzifikace ekonomiky  |b záverečná práca postgraduálneho štúdia  |c Luděk Bartolšic 
264 1 |a Bratislava  |c 1988 
300 |a 47 s. 
100 1 |a Bartolšic, Luděk 
710 2 |a Vysoká škola ekonomická v Bratislave